000 00566nam a2200169 4500
001 123153
003 ES-MaACL
005 20230906192123.0
007 t|
008 070214s1977 sp r ||||0| gao d
100 1 _aQueizan, María Xosé.
_9178370
245 1 0 _aA muller en Galicia
_b: a muller na sociedade galega, a lingua galega e a muller : (analise estructural de dous métodos represivos) /
_cMaría Xosé Queizan.
260 _aA Coruña :
_bDo Castro,
_c1977.
300 _a99 p ;
_c19 cm.
852 _aES-MaACL
_jA-7209
_bR.96049
999 _c123153
_d123153